Statystyki dla Wiedza ogólna dla zaawansowanych

Kliknij tutaj aby rozwiązać quiz!

Ogólne statystyki

  • Ten quiz został rozwiązany 307 razy
  • Średni wynik to 7 z 15

Statystyki odpowiedzi

PytanieOdpowiedź% Poprawnych
Pierwszy Polski Laureat Nagrody NoblaMaria Skłodowska-Curie
74%
Najmniej zasolone morze świataBałtyk
70%
Która zasada dynamiki mówi że: "akcja równa się reakcji"?3
67%
Drugie co do wielkości jezioro w PolsceMamry
64%
Tak zwany "tlen 3"ozon
60%
Jego nazwisku zawdzięczamy nazwę "Ameryka"Amerigo Vespucci
53%
Organella komórkowa, w której produkowana jest energiamitochondrium
48%
Filozof, który "zadawał trudne pytania"Sokrates
46%
Kto sprowadził krzyżaków do Polski?Kondrad Mazowiecki
41%
Najrzadziej zaludniony kraj świataMongolia
40%
Państwo do którego należą Wyspy Galapagos?Ekwador
36%
Najdalej oddalony od Ziemi obiekt stworzony przez człowiekaVoyager
25%
Najbliższa Słońcu gwiazdaProxima Centauri
18%
Owad, który "nie powinien latać"pszczoła
15%
Człowiek z misji Apollo 11, który nie postawił nogi na księżycuMichael Collins
8%

Rozkład punktacji

Percentyl według liczby udzielonych odpowiedzi

Procent ludzi z każdym wynikiem

Twoja historia wyników

Nie rozwiązałeś tego quizu